MARC

LEADER 00000nam0a2200000 4500
001 322688
005 20231102003510.0
035 |a (RuTPU)RU\TPU\book\348247 
035 |a RU\TPU\book\328589 
090 |a 322688 
100 |a 20161003d2016 km y0rusy50 ca 
101 0 |a rus 
102 |a RU 
105 |a a gi 001zy 
200 1 |a Газпром в цифрах 2011-2015 гг.  |e справочник  |f Газпром 
210 |a Москва  |c Газпром  |d 2016 
215 |a 95 с.  |c ил. 
225 1 |a Многополярная энергия 
320 |a Глоссарий основных понятий и сокращений : с. 94-95 
606 1 |a Газпром  |2 stltpush  |3 (RuTPU)RU\TPU\subj\64473  |9 81366 
610 1 |a газовая промышленность 
610 1 |a предприятия 
610 1 |a мировая экономика 
610 1 |a Россия 
610 1 |a итоги 
610 1 |a структура 
610 1 |a персонал 
610 1 |a сырьевая база 
610 1 |a зарубежные страны 
610 1 |a нефть 
610 1 |a газ 
610 1 |a разведка 
610 1 |a запасы 
610 1 |a добыча 
610 1 |a транспортировка 
610 1 |a углеводороды 
610 1 |a переработка 
610 1 |a экология 
610 1 |a энергосбережение 
610 1 |a финансовые показатели 
610 1 |a справочники 
610 1 |a макроэкономические показатели 
610 1 |a рыночные процессы 
610 1 |a справочники 
675 |a 622.324.012:658(035)  |v 3 
712 0 2 |a Газпром  |c Открытое Акционерное Общество  |c (Москва)  |2 stltpush  |3 (RuTPU)RU\TPU\col\11 
801 1 |a RU  |b 63413507  |c 20060919  |g PSBO 
801 2 |a RU  |b 63413507  |c 20161010  |g PSBO 
942 |c BK